Java 2 :the complete reference (Record no. 6154)

000 -LEADER
fixed length control field 00487 a2200169 4500
020 ## - INTERNATIONAL STANDARD BOOK NUMBER
International Standard Book Number 0072130849
040 ## - CATALOGING SOURCE
Original cataloging agency DLC
Language of cataloging English
082 00 - DEWEY DECIMAL CLASSIFICATION NUMBER
Classification number 005.133
100 1# - MAIN ENTRY--PERSONAL NAME
Personal name Schildt, Herbert.
245 10 - TITLE STATEMENT
Title Java 2 :the complete reference
Statement of responsibility, etc. Herbert Schildt.
250 ## - EDITION STATEMENT
Edition statement 4th ed.
260 ## - PUBLICATION, DISTRIBUTION, ETC.
Place of publication, distribution, etc. Berkeley, Calif. :
Name of publisher, distributor, etc. Osborne/McGraw-Hill,
Date of publication, distribution, etc. c2001.
300 ## - PHYSICAL DESCRIPTION
Extent xxvi, 1077 p. :
Other physical details ill. ;
Dimensions 23 cm.
500 ## - GENERAL NOTE
General note Includes index.
650 #0 - SUBJECT ADDED ENTRY--TOPICAL TERM
Topical term or geographic name entry element Java (Computer program language)
942 ## - ADDED ENTRY ELEMENTS (KOHA)
Koha item type Book
Call number prefix 005.133 SCH
Source of classification or shelving scheme
Holdings
Withdrawn status Lost status Damaged status Not for loan Collection code Permanent Location Current Location Shelving location Date acquired Source of acquisition Cost, normal purchase price Total Checkouts Full call number Barcode Date last seen Price effective from Koha item type Total Renewals Date last checked out
          Central Library (CL) Central Library (CL) First Floor - Software Engineering/ Programming Language 10/16/2009 Star Books 760.77   005.133 SCH SEECS009733 03/03/2024 01/05/2017 Book    
          Central Library (CL) Central Library (CL) First Floor - Software Engineering/ Programming Language 10/16/2009 Star Books 760.77 2 005.133 SCH SEECS009732 04/03/2024 01/05/2017 Book 1 03/10/2024
© 2023 Central Library, National University of Sciences and Technology. All Rights Reserved.